[Event "CAT-ch Open-Women 2019"]
[Site "Platja de la Pineda"]
[Date "2019.04.20"]
[Round "4.6"]
[White "Valenzuela Gomez, Fernando"]
[Black "Chueca Forcen, Alberto"]
[Result "1/2-1/2"]
[WhiteElo "2406"]
[BlackElo "2270"]
[Annotator "ChessBase"]
[PlyCount "114"]
[EventDate "2019.04.18"]
[EventType "swiss"]
[EventCountry "ESP"]
[SourceTitle "playchess.com"]
[Source "ChessBase"]
[SourceQuality "1"]
[TimeControl "5400+30"]

1. d4 d5 2. c4 dxc4 3. Nf3 c5 4. e4 cxd4 5. Qxd4 Qxd4 6. Nxd4 Bd7 7. Bxc4 Nc6 8. Be3 e5 9. Nxc6 Bxc6 10. f3 Nf6 11. Nd2 Be7 12. Be2 Nd7 13. Kf2 Bc5 14. Bxc5 Nxc5 15. b4 Ne6 16. Nc4 f6 17. b5 Bd7 18. Nd6+ Ke7 19. Nf5+ Ke8 20. Rhd1 g6 21. Nd6+ Ke7 22. Nxb7 Rhb8 23. Na5 Bxb5 24. Bxb5 Rxb5 25. Nc6+ Ke8 26. Rd2 Rc5 27. Nb4 Rd8 28. Nd5 Kf7 29. Rb1 Rd7 30. Rdb2 Nf4 31. Rb7 Rc2+ 32. Kf1 Rc1+ 33. Rxc1 Rxb7 34. Rc2 Nxd5 35. exd5 Ke7 36. Kf2 f5 37. Rc6 Rb2+ 38. Kg3 Rxa2 39. Re6+ Kd7 40. h4 Ra5 41. h5 Rxd5 42. Ra6 f4+ 43. Kh3 gxh5 44. Rxa7+ Ke6 45. Rxh7 Rd8 46. Rxh5 Rg8 47. Rh7 Kd5 48. Rd7+ Ke6 49. Rh7 Kd5 50. Kh2 Kd4 51. Ra7 Rc8 52. Ra4+ Ke3 53. Ra3+ Kf2 54. Ra2+ Kf1 55. Ra1+ Kf2 56. Ra2+ Kf1 57. Ra1+ Kf2 1/2-1/2

[Event "CAT-ch Open-Women 2019"]
[Site "Platja de la Pineda"]
[Date "2019.04.20"]
[Round "4.6"]
[White "Gomez Anadon, Daniel"]
[Black "Ruiz Herrero, Victor"]
[Result "1/2-1/2"]
[WhiteElo "2271"]
[BlackElo "1924"]
[Annotator "ChessBase"]
[PlyCount "77"]
[EventDate "2019.04.18"]
[EventType "swiss"]
[EventCountry "ESP"]
[SourceTitle "playchess.com"]
[Source "ChessBase"]
[SourceQuality "1"]
[TimeControl "5400+30"]

1. e4 g6 2. d4 Bg7 3. Nc3 d6 4. Be3 a6 5. Qd2 b5 6. h4 h5 7. Nh3 Nd7 8. O-O-O Ngf6 9. f3 Nb6 10. a3 Bd7 11. Ng5 O-O 12. d5 b4 13. axb4 Na4 14. Nxa4 Bxa4 15. Bd4 Qb8 16. Be2 Rc8 17. b3 Bb5 18. c4 c5 19. bxc5 dxc5 20. Bc3 Be8 21. Kc2 a5 22. Bxa5 Nh7 23. Nxh7 Kxh7 24. Rb1 Rxa5 25. Qxa5 Qe5 26. Kd1 f5 27. exf5 Qxf5 28. Rc1 e6 29. d6 Rc6 30. Qd8 Bf6 31. Qxe8 Rxd6+ 32. Ke1 Qf4 33. Rd1 Qg3+ 34. Kf1 Rxd1+ 35. Bxd1 Bd4 36. Qe7+ Kh8 37. Qf8+ Kh7 38. Qe7+ Kh8 39. Qf8+ 1/2-1/2

[Event "CAT-ch Open-Women 2019"]
[Site "Platja de la Pineda"]
[Date "2019.04.20"]
[Round "4.7"]
[White "Fernandez Diaz, Cristian"]
[Black "Perez Mitjans, Orelvis"]
[Result "1/2-1/2"]
[WhiteElo "2237"]
[BlackElo "2377"]
[Annotator "ChessBase"]
[PlyCount "27"]
[EventDate "2019.04.18"]
[EventType "swiss"]
[EventCountry "ESP"]
[SourceTitle "playchess.com"]
[Source "ChessBase"]
[SourceQuality "1"]
[TimeControl "5400+30"]

1. d4 Nf6 2. Bf4 d5 3. Nf3 e6 4. e3 Be7 5. Nbd2 O-O 6. Bd3 b6 7. e4 Ba6 8. Bxa6 Nxa6 9. exd5 Qxd5 10. O-O c5 11. Qe2 Qf5 12. Bg3 Nb4 13. c3 Nc6 14. dxc5 1/2-1/2

[Event "CAT-ch Open-Women 2019"]
[Site "Platja de la Pineda"]
[Date "2019.04.20"]
[Round "4.7"]
[White "Del Amo Carbo, Jordi"]
[Black "Millaret Lores, Francesc"]
[Result "1-0"]
[WhiteElo "2175"]
[BlackElo "2028"]
[Annotator "ChessBase"]
[PlyCount "109"]
[EventDate "2019.04.18"]
[EventType "swiss"]
[EventCountry "ESP"]
[SourceTitle "playchess.com"]
[Source "ChessBase"]
[SourceQuality "1"]
[TimeControl "5400+30"]

1. Nf3 Nf6 2. g3 g6 3. Bg2 Bg7 4. O-O O-O 5. c4 d6 6. Nc3 Nbd7 7. Rb1 a5 8. a3 e5 9. d3 h6 10. b4 axb4 11. axb4 Ne8 12. Qb3 Kh7 13. Bb2 f5 14. Ra1 Rxa1 15. Rxa1 c6 16. Qc2 Nef6 17. Nd2 Qb6 18. Ba3 e4 19. c5 dxc5 20. bxc5 Qa7 21. d4 Nd5 22. Bb2 Qb8 23. e3 N7f6 24. Nc4 Be6 25. Nxd5 Bxd5 26. Na5 Rf7 27. Bc3 Nd7 28. Rb1 Nf8 29. Qb2 Ne6 30. Nxb7 g5 31. Nd6 Qxb2 32. Bxb2 Rf8 33. Bc1 g4 34. Bf1 Kg6 35. Bc4 Bxc4 36. Nxc4 Ra8 37. Kf1 Ra2 38. Bb2 Ra4 39. Nd2 Nc7 40. Ra1 Rxa1+ 41. Bxa1 Na6 42. Nb3 Kf7 43. Na5 Nb8 44. Ke2 Bf6 45. Kd2 Bd8 46. Nc4 Ke6 47. Kc3 Na6 48. Bb2 Nc7 49. Kb3 Nb5 50. Bc3 Kd5 51. Ba5 Bf6 52. Nb6+ Ke6 53. Kc4 Na3+ 54. Kb4 Nb5 55. d5+ 1-0

[Event "CAT-ch Open-Women 2019"]
[Site "Platja de la Pineda"]
[Date "2019.04.20"]
[Round "4.8"]
[White "Ayats Llobera, Gerard"]
[Black "Pena Morales, Hugo"]
[Result "1-0"]
[WhiteElo "2363"]
[BlackElo "2276"]
[Annotator "ChessBase"]
[PlyCount "75"]
[EventDate "2019.04.18"]
[EventType "swiss"]
[EventCountry "ESP"]
[SourceTitle "playchess.com"]
[Source "ChessBase"]
[SourceQuality "1"]
[TimeControl "5400+30"]

1. Nf3 Nf6 2. b3 g6 3. Bb2 Bg7 4. g3 O-O 5. Bg2 d6 6. d4 e5 7. dxe5 Ng4 8. Qc1 Nxe5 9. Nxe5 Bxe5 10. Nd2 Re8 11. e3 c6 12. O-O Qf6 13. Bxe5 dxe5 14. Qb2 Nd7 15. Rad1 Qe7 16. Ne4 Nc5 17. Nd6 Rd8 18. Qc3 Na6 19. Nc4 Re8 20. Rd2 Qc5 21. Qb2 f6 22. h3 Qe7 23. Rfd1 Be6 24. Nd6 Red8 25. c4 Rab8 26. f4 exf4 27. exf4 Rd7 28. b4 c5 29. b5 Nb4 30. Ne4 Rxd2 31. Rxd2 Rf8 32. a3 Bf5 33. Re2 Nd3 34. Qc3 Qd7 35. Nxf6+ Rxf6 36. Qxf6 Qd4+ 37. Qxd4 cxd4 38. Rd2 1-0

[Event "CAT-ch Open-Women 2019"]
[Site "Platja de la Pineda"]
[Date "2019.04.20"]
[Round "4.8"]
[White "Reginaldo Huix, Pere"]
[Black "Gallego Montes, Antoni"]
[Result "0-1"]
[WhiteElo "1885"]
[BlackElo "1892"]
[Annotator "NA"]
[PlyCount "66"]
[EventDate "2019.04.18"]
[EventType "swiss"]
[EventCountry "ESP"]
[SourceTitle "playchess.com"]
[Source "ChessBase"]
[SourceQuality "1"]
[TimeControl "5400+30"]

1. d4 e5 2. dxe5 Nc6 3. Nf3 Qe7 4. Bd2 Nxe5 5. Nxe5 Qxe5 6. Bc3 Qe6 7. e3 Nf6 8. Nd2 d5 9. Be2 Bd6 10. O-O c6 11. Bf3 O-O 12. g3 Be5 13. Bd4 b6 14. b4 Nd7 15. Nb3 Bb7 16. Rb1 Rac8 17. Re1 f5 18. a4 Ba8 19. Bxe5 Nxe5 20. Nd4 Nxf3+ 21. Nxf3 c5 22. b5 Qe4 23. Ra1 d4 24. Kg2 g5 25. exd4 Qb7 26. d5 Qxd5 27. Qxd5+ Bxd5 28. c4 Ba8 29. Re7 Rf7 30. Rae1 g4 31. Re8+ Rf8 32. Rxc8 Rxc8 33. Re7 Bxf3+ 0-1

[Event "CAT-ch Open-Women 2019"]
[Site "Platja de la Pineda"]
[Date "2019.04.20"]
[Round "4.9"]
[White "Oratovsky, Michael"]
[Black "Fernandez Aguilar, Francisco"]
[Result "1-0"]
[WhiteElo "2455"]
[BlackElo "2132"]
[Annotator "ChessBase"]
[PlyCount "43"]
[EventDate "2019.04.18"]
[EventType "swiss"]
[EventCountry "ESP"]
[SourceTitle "playchess.com"]
[Source "ChessBase"]
[SourceQuality "1"]
[TimeControl "5400+30"]

1. e4 e5 2. Bc4 Nf6 3. d3 Nc6 4. Nf3 Be7 5. O-O O-O 6. Bb3 d6 7. c3 Na5 8. Bc2 c5 9. Nbd2 Nc6 10. Re1 h6 11. h3 Be6 12. a3 Re8 13. b4 a6 14. Bb2 d5 15. exd5 Nxd5 16. Ne4 Qb6 17. Rb1 Rad8 18. bxc5 Bxc5 19. c4 Nf4 20. Bxe5 Nxe5 21. Rxb6 Nexd3 22. Nxc5 1-0

[Event "CAT-ch Open-Women 2019"]
[Site "Platja de la Pineda"]
[Date "2019.04.20"]
[Round "4.9"]
[White "Ruperez, Miguel"]
[Black "Ribera Veganzones, Josep Maria"]
[Result "1-0"]
[WhiteElo "2168"]
[BlackElo "1980"]
[Annotator "ChessBase"]
[PlyCount "47"]
[EventDate "2019.04.18"]
[EventType "swiss"]
[EventCountry "ESP"]
[SourceTitle "playchess.com"]
[Source "ChessBase"]
[SourceQuality "1"]
[TimeControl "5400+30"]

1. d4 c5 2. d5 g6 3. c4 Bg7 4. Nc3 d6 5. e4 e6 6. Bd3 Ne7 7. Nge2 O-O 8. O-O exd5 9. cxd5 a6 10. a4 f5 11. f3 Nd7 12. Nf4 Ne5 13. Be2 b6 14. Kh1 h6 15. Be3 Qe8 16. Ne6 Bxe6 17. dxe6 f4 18. Bg1 Qc6 19. Qd2 g5 20. Rfd1 Rfd8 21. Rac1 Ra7 22. b4 Qc8 23. a5 bxa5 24. bxc5 1-0

[Event "CAT-ch Open-Women 2019"]
[Site "Platja de la Pineda"]
[Date "2019.04.20"]
[Round "4.10"]
[White "Boixader Arbo, Xavier"]
[Black "Hernando Rodrigo, Julio Antonio"]
[Result "1/2-1/2"]
[WhiteElo "2154"]
[BlackElo "2308"]
[Annotator "ChessBase"]
[PlyCount "108"]
[EventDate "2019.04.18"]
[EventType "swiss"]
[EventCountry "ESP"]
[SourceTitle "playchess.com"]
[Source "ChessBase"]
[SourceQuality "1"]
[TimeControl "5400+30"]

1. e4 e6 2. d3 c5 3. Nf3 Nc6 4. g3 g6 5. Bg2 Bg7 6. O-O Nge7 7. c3 O-O 8. Be3 d6 9. Na3 e5 10. d4 b6 11. dxe5 dxe5 12. Nb5 Bd7 13. a4 h6 14. Qc1 a6 15. Na3 Na5 16. Qc2 Qc7 17. b4 cxb4 18. cxb4 Qxc2 19. Nxc2 Nc4 20. Rfd1 Bc6 21. Nfe1 f5 22. exf5 gxf5 23. Bxc6 Nxc6 24. b5 axb5 25. axb5 Nxe3 26. Nxe3 Nd4 27. Rxa8 Rxa8 28. N1c2 f4 29. Nxd4 exd4 30. Nf5 fxg3 31. hxg3 Rd8 32. Kf1 d3 33. Nxg7 Kxg7 34. Ke1 Rd5 35. Rb1 d2+ 36. Ke2 Kf6 37. Rd1 Rxb5 38. Rxd2 Re5+ 39. Kf3 b5 40. Rd8 Ke7 41. Rd4 Rf5+ 42. Ke3 Rf6 43. g4 Rb6 44. Rb4 Kd6 45. Kd4 Kc6 46. f4 Rb8 47. f5 Kd6 48. Rb1 b4 49. Rh1 b3 50. Rxh6+ Ke7 51. Rh1 Rb4+ 52. Kc3 Rxg4 53. Kxb3 Kf6 54. Rf1 Rg5 1/2-1/2

[Event "CAT-ch Open-Women 2019"]
[Site "Platja de la Pineda"]
[Date "2019.04.20"]
[Round "4.10"]
[White "Jul Perez, Alberto"]
[Black "Martin Perez, Laura"]
[Result "1/2-1/2"]
[WhiteElo "1945"]
[BlackElo "2105"]
[Annotator "ChessBase"]
[PlyCount "38"]
[EventDate "2019.04.18"]
[EventType "swiss"]
[EventCountry "ESP"]
[SourceTitle "playchess.com"]
[Source "ChessBase"]
[SourceQuality "1"]
[TimeControl "5400+30"]

1. d4 Nf6 2. Nf3 c5 3. e3 b6 4. g3 Bb7 5. Bg2 g6 6. O-O Bg7 7. c4 O-O 8. Nc3 cxd4 9. exd4 d6 10. Bg5 h6 11. Be3 Nbd7 12. Qd2 Ng4 13. Nh4 Nxe3 14. fxe3 Bxg2 15. Nxg2 Rc8 16. b3 Nf6 17. Rac1 Qd7 18. Nf4 h5 19. Qe2 Qb7 1/2-1/2

[Event "CAT-ch Open-Women 2019"]
[Site "Platja de la Pineda"]
[Date "2019.04.20"]
[Round "4.11"]
[White "Esplugas Esteve, Vicenc"]
[Black "Garcia Espelta, Josep"]
[Result "1-0"]
[WhiteElo "2297"]
[BlackElo "2037"]
[Annotator "ChessBase"]
[PlyCount "94"]
[EventDate "2019.04.18"]
[EventType "swiss"]
[EventCountry "ESP"]
[SourceTitle "playchess.com"]
[Source "ChessBase"]
[SourceQuality "1"]
[TimeControl "5400+30"]

1. d4 Nf6 2. c4 e6 3. Nc3 Bb4 4. Qc2 b6 5. e4 c5 6. d5 Qe7 7. Be2 d6 8. Nf3 O-O 9. Be3 Bxc3+ 10. bxc3 exd5 11. exd5 Bg4 12. O-O Nbd7 13. Rae1 Rfe8 14. h3 Bxf3 15. Bxf3 Qf8 16. Bf4 Ne5 17. Be2 Rad8 18. Bg5 Ned7 19. Bg4 Rxe1 20. Rxe1 Re8 21. Rxe8 Qxe8 22. Bf5 h6 23. Be3 Ne5 24. Qb3 g6 25. Bc2 Kg7 26. Bd1 Nh7 27. Be2 f5 28. a4 Qd8 29. Qb1 Nf6 30. Qc1 Ng8 31. g3 a5 32. Kg2 Qe8 33. Qb1 Nd7 34. Qb5 Ngf6 35. Qc6 Qe7 36. Qc7 g5 37. Bd3 Ne8 38. Qc8 Kf6 39. Bd2 Ng7 40. Qh8 Kg6 41. g4 Nf6 42. Qb8 Ne4 43. gxf5+ Kf6 44. Bc1 Ne8 45. Qc8 Nxc3 46. Bb2 {Ne4 Bc1} Ng7 47. Qb8 h5 1-0

[Event "CAT-ch Open-Women 2019"]
[Site "Platja de la Pineda"]
[Date "2019.04.20"]
[Round "4.11"]
[White "Martin Barcelo, Carles"]
[Black "Barberans Sola, Sebastia"]
[Result "1/2-1/2"]
[WhiteElo "2030"]
[BlackElo "1935"]
[Annotator "NA"]
[PlyCount "71"]
[EventDate "2019.04.18"]
[EventType "swiss"]
[EventCountry "ESP"]
[SourceTitle "playchess.com"]
[Source "ChessBase"]
[SourceQuality "1"]
[TimeControl "5400+30"]

1. e4 e6 2. d4 d5 3. Bd3 Nf6 4. e5 Nfd7 5. f4 c5 6. c3 Nc6 7. Nf3 Qb6 8. Bc2 Be7 9. O-O cxd4 10. cxd4 g5 11. fxg5 Ndxe5 12. Nxe5 Nxe5 13. Nc3 Nc6 14. Be3 Qxb2 15. Na4 Qa3 16. Bb3 b6 17. Qh5 O-O 18. Rae1 Ba6 19. Bc2 Bd3 20. Bc1 Bxc2 21. Bxa3 Bxa3 22. Nc3 Nxd4 23. Ne2 Bc5 24. Kh1 Bg6 25. Qg4 Nc2 26. Nf4 Bf5 27. Qh4 Nxe1 28. Rxe1 Rac8 29. Nh5 Be7 30. Ng3 Rc4 31. Qh6 Bg6 32. Nh5 Bxh5 33. Qxh5 Rf4 34. g3 Rf5 35. h4 Rc8 36. Re2 1/2-1/2

[Event "CAT-ch Open-Women 2019"]
[Site "Platja de la Pineda"]
[Date "2019.04.20"]
[Round "4.12"]
[White "Garcia Ramos, Daniel"]
[Black "Saurina Suner, Francesc Xavier"]
[Result "1-0"]
[WhiteElo "2286"]
[BlackElo "2012"]
[Annotator "ChessBase"]
[PlyCount "64"]
[EventDate "2019.04.18"]
[EventType "swiss"]
[EventCountry "ESP"]
[SourceTitle "playchess.com"]
[Source "ChessBase"]
[SourceQuality "1"]
[TimeControl "5400+30"]

1. e4 e5 2. Nf3 Nc6 3. Bb5 f5 4. Qe2 Qe7 5. Nc3 Nf6 6. Bxc6 bxc6 7. O-O fxe4 8. Nxe4 d5 9. Ng3 e4 10. Nd4 Qc5 11. Nb3 Qxc2 12. Qe3 Bd6 13. Nd4 Qc5 14. Ndf5 O-O 15. d4 exd3 16. Qg5 Bxf5 17. Nxf5 Ne8 18. Be3 d4 19. Nxd4 Qxg5 20. Bxg5 Be5 21. Nxc6 Bxb2 22. Rad1 Nf6 23. Rxd3 Rae8 24. Be3 Re6 25. Nxa7 Ra6 26. Rd2 Be5 27. Nb5 Ng4 28. g3 Rb8 29. Nd4 Nxe3 30. fxe3 Rd8 31. Nc6 Bd6 32. Nxd8 Bf8 1-0

[Event "CAT-ch Open-Women 2019"]
[Site "Platja de la Pineda"]
[Date "2019.04.20"]
[Round "4.12"]
[White "Gurrutxaga Telleria, Jose Luis"]
[Black "Hernando Rodrigo, Imma"]
[Result "0-1"]
[WhiteElo "2099"]
[BlackElo "1859"]
[Annotator "NA"]
[PlyCount "90"]
[EventDate "2019.04.18"]
[EventType "swiss"]
[EventCountry "ESP"]
[SourceTitle "playchess.com"]
[Source "ChessBase"]
[SourceQuality "1"]
[TimeControl "5400+30"]

1. d4 Nf6 2. c4 e6 3. Nf3 d5 4. Nc3 Be7 5. Bf4 c6 6. c5 O-O 7. e3 Nbd7 8. Bd3 b6 9. b4 bxc5 10. bxc5 Qa5 11. Qd2 Ba6 12. O-O Bxd3 13. Qxd3 Rfc8 14. h3 Nf8 15. Rfb1 N6d7 16. Rb7 Bxc5 17. Ng5 Be7 18. Nxh7 Nxh7 19. Rxd7 Bb4 20. Ne2 c5 21. a3 c4 22. Qb1 Qa4 23. Rb7 Ba5 24. Be5 Nf8 25. Nf4 c3 26. Qd3 Qc6 27. Rb5 Bb6 28. e4 Nd7 29. Bxg7 Kxg7 30. exd5 exd5 31. Qg3+ Kf8 32. Rxd5 Nf6 33. Rd6 Ne4 34. Ng6+ Kg7 35. Qe5+ f6 36. Qe7+ Kxg6 37. Rxc6 Re8 38. Qb4 Rad8 39. Rd1 Nd2 40. Qxc3 Bxd4 41. Qd3+ Kf7 42. Rc7+ Re7 43. Rxe7+ Kxe7 44. Qe4+ Nxe4 45. Re1 Bxf2+ 0-1

[Event "CAT-ch Open-Women 2019"]
[Site "Platja de la Pineda"]
[Date "2019.04.20"]
[Round "5.1"]
[White "Gonzalez Garcia, Jose"]
[Black "Sosa Tomas, Valentin"]
[Result "1/2-1/2"]
[WhiteElo "2492"]
[BlackElo "2508"]
[Annotator "TA"]
[PlyCount "60"]
[EventDate "2019.04.18"]
[EventType "swiss"]
[EventCountry "ESP"]
[SourceTitle "playchess.com"]
[Source "ChessBase"]
[SourceQuality "1"]

{[%evp 20,60,16,13,25,23,30,25,50,53,47,53,96,26,30,6,17,0,30,0,0,0,2,8,25,0,0,0,0,0,12,0,19,0,7,0,1,0,21,-90,-41,-49,5]} 1. d4 Nf6 2. c4 e6 3. Nc3 d5 4. cxd5 exd5 5. Bg5 c6 6. e3 Bd6 7. Bd3 O-O 8. Qc2 h6 9. Bh4 Re8 10. Nge2 Nbd7 11. h3 b5 {D36: Queen's Gambit Declined: Exchange Variation: Main line (5 Bg5 c6 6 Qc2)} (11... a5 12. g4 a4 13. Rg1 a3 14. b3 g5 15. Bg3 Bb4 16. O-O-O Qe7 17. Bf5 Ne4 18. Nxe4 dxe4 19. h4 {1-0 (28) Moiseenko,V (2522)-Antonenko,V (2343) Sochi 2018}) 12. O-O Bb7 13. Rac1 Qb6 {White has an edge.} 14. Bf5 Bf8 $146 ({Predecessor:} 14... b4 15. Na4 Qa5 16. b3 Ba6 17. Rfe1 Bb5 18. Nb2 {0-1 (67) Cylwik,Z-Fronczek,H Glucholazy 1963}) 15. Rfd1 g6 16. Bd3 (16. Bxg6 $16 {Bf5 is the strong threat.} fxg6 17. Bxf6 Nxf6 18. Qxg6+ {[%mdl 64] Double Attack} Bg7 19. Ng3) 16... Bg7 $11 17. Bxf6 Nxf6 18. Nf4 Rad8 19. Qb3 Bf8 20. Bb1 Bd6 21. Qc2 Ne4 22. Nd3 Nf6 23. a3 Re7 24. Ne2 Qc7 25. b4 Rde8 26. Nef4 Ne4 27. Qb2 {[#] And now Nxd5! would win.} Qd7 28. Ne2 Bb8 29. Nc5 (29. Ne5 $11 {remains equal.} Bxe5 30. dxe5 Rxe5 31. Bxe4 Rxe4 32. Nd4) 29... Nxc5 30. dxc5 Bc8 {Accuracy: White = 37%, Black = 54%.} ({Better is} 30... Qc7 $15 31. g3 a5) 1/2-1/2

[Event "CAT-ch Open-Women 2019"]
[Site "Platja de la Pineda"]
[Date "2019.04.20"]
[Round "5.1"]
[White "Pena Morales, Hugo"]
[Black "Boixader Arbo, Xavier"]
[Result "1-0"]
[WhiteElo "2276"]
[BlackElo "2154"]
[Annotator "ChessBase"]
[PlyCount "113"]
[EventDate "2019.04.18"]
[EventType "swiss"]
[EventCountry "ESP"]
[SourceTitle "playchess.com"]
[Source "ChessBase"]
[SourceQuality "1"]
[TimeControl "5400+30"]

1. d4 e6 2. e4 d5 3. Nc3 Nf6 4. exd5 exd5 5. Nf3 h6 6. Bd3 Bd6 7. O-O O-O 8. Nb5 Bg4 9. h3 Bh5 10. Re1 Nc6 11. g3 Nb4 12. Nxd6 Qxd6 13. Bf4 Qb6 14. g4 Nxd3 15. Qxd3 Bg6 16. Qb3 Rfe8 17. Qxb6 cxb6 18. c3 Nd7 19. Nh4 Bh7 20. Bd6 Nf8 21. Bxf8 Kxf8 22. f3 Rxe1+ 23. Rxe1 Re8 24. Rxe8+ Kxe8 25. Ng2 Kd7 26. Nf4 Bb1 27. Nxd5 Bxa2 28. Ne3 g6 29. h4 Ke6 30. Kf2 b5 31. Kg3 a5 32. h5 b4 33. cxb4 axb4 34. g5 gxh5 35. gxh6 Kf6 36. d5 Kg6 37. d6 Be6 38. Nc4 Kxh6 39. Ne5 Kg5 40. d7 h4+ 41. Kf2 Bxd7 42. Nxd7 Kf4 43. Nc5 Ke5 44. Nxb7 Kd5 45. Na5 f5 46. Kg2 Kc5 47. Kh3 Kb5 48. Nb7 Kc4 49. Kxh4 Kb3 50. Nc5+ Kxb2 51. Nd3+ Kc3 52. Nxb4 Kxb4 53. Kg5 Kc5 54. Kxf5 Kd6 55. Kf6 Kd7 56. f4 Ke8 57. Kg7 1-0

[Event "CAT-ch Open-Women 2019"]
[Site "Platja de la Pineda"]
[Date "2019.04.20"]
[Round "5.2"]
[White "Ayats Llobera, Gerard"]
[Black "Diaz Camallonga, Carles"]
[Result "1/2-1/2"]
[WhiteElo "2363"]
[BlackElo "2432"]
[Annotator "ChessBase"]
[PlyCount "49"]
[EventDate "2019.04.18"]
[EventType "swiss"]
[EventCountry "ESP"]
[SourceTitle "playchess.com"]
[Source "ChessBase"]
[SourceQuality "1"]
[TimeControl "5400+30"]

1. Nf3 d5 2. g3 Nf6 3. Bg2 c6 4. b3 Bg4 5. Bb2 Nbd7 6. O-O e6 7. d3 Be7 8. h3 Bxf3 9. Bxf3 O-O 10. c4 Qc7 11. Bg2 Rfd8 12. Qc2 Rac8 13. Nd2 Nf8 14. e4 Ng6 15. Nf3 dxe4 16. dxe4 e5 17. h4 Re8 18. c5 Nd7 19. Bh3 Ngf8 20. Rfd1 Rcd8 21. b4 a5 22. a3 axb4 23. axb4 b6 24. Rac1 bxc5 25. bxc5 1/2-1/2

[Event "CAT-ch Open-Women 2019"]
[Site "Platja de la Pineda"]
[Date "2019.04.20"]
[Round "5.2"]
[White "Garcia Jimenez, Francisco Javier"]
[Black "Gonzalez Vericat, Sergio"]
[Result "1/2-1/2"]
[WhiteElo "2254"]
[BlackElo "2122"]
[Annotator "ChessBase"]
[PlyCount "50"]
[EventDate "2019.04.18"]
[EventType "swiss"]
[EventCountry "ESP"]
[SourceTitle "playchess.com"]
[Source "ChessBase"]
[SourceQuality "1"]
[TimeControl "5400+30"]

1. e4 e6 2. d4 d5 3. exd5 exd5 4. c4 Nf6 5. Nc3 Nc6 6. Nf3 Bg4 7. cxd5 Nxd5 8. Be2 Qd7 9. h3 Bf5 10. O-O O-O-O 11. Bb5 f6 12. Qa4 Nb6 13. Qb3 a6 14. Bxc6 Qxc6 15. Bf4 g5 16. Bg3 Be6 17. d5 Bxd5 18. Nxd5 Rxd5 19. Rac1 Rc5 20. Rcd1 Rc4 21. Nd4 Qd7 22. Rfe1 Bb4 23. Nc2 Qb5 24. Nxb4 Qxb4 25. Qe3 Kb8 1/2-1/2

[Event "CAT-ch Open-Women 2019"]
[Site "Platja de la Pineda"]
[Date "2019.04.20"]
[Round "5.3"]
[White "Esplugas Esteve, Vicenc"]
[Black "Guerra Mendez, Jose Angel"]
[Result "1/2-1/2"]
[WhiteElo "2297"]
[BlackElo "2531"]
[Annotator "TA"]
[PlyCount "91"]
[EventDate "2019.04.18"]
[EventType "swiss"]
[EventCountry "ESP"]
[SourceTitle "playchess.com"]
[Source "ChessBase"]
[SourceQuality "1"]

{[%evp 21,91,41,46,23,27,0,0,0,0,-16,18,17,19,22,22,-24,-18,-116,-106,-112,-123,-132,-126,-197,-192,-190,-194,-193,-193,-181,-197,-207,-146,-164,-164,-207,-205,-271,-182,-265,-187,-198,-81,-74,-54,-92,78,84,57,0,0,-62,76,94,83,91,85,60,95,96,107,103,101,104,105,81,109,84,100,92,89,87]} 1. d4 Nf6 2. c4 g6 3. Nc3 Bg7 4. e4 d6 5. Nf3 O-O 6. Be2 e5 7. O-O exd4 8. Nxd4 Re8 9. f3 c6 10. Kh1 Nbd7 11. Bg5 Qb6 12. Nb3 {E94: King's Indian: Classical: 6 Be2 e5 7 0-0: Various Black 7th moves} (12. Na4 Qc7 13. Qd2 Nc5 14. Nc3 a5 15. Rab1 a4 16. b4 axb3 17. axb3 Nfd7 18. Be3 Ne6 19. Rfd1 Ndc5 {1-0 (45) Dubov,D (2658)-Kokarev,D (2620) Sochi 2017}) 12... a5 13. Na4 Qb4 14. Nc1 {The position is equal.} Nc5 15. Nxc5 dxc5 $146 ({Predecessor:} 15... Qxc5 16. Qd2 d5 17. cxd5 cxd5 18. Nd3 Qf8 19. e5 Nd7 {1-0 (41) Roeder,M (2445)-Burgess,G (2335) Vienna 1990}) 16. Qc2 Nd7 17. Nd3 Qb6 18. f4 Rxe4 19. Ne5 (19. f5 $11 {remains equal.}) 19... Rd4 $17 20. Nf3 Rd6 21. f5 Nf8 (21... Qxb2 $6 22. Qxb2 Bxb2 23. Rab1 $11) 22. f6 (22. g4 $17 Qxb2 23. Qxb2 Bxb2 24. Rab1) 22... Bxf6 $19 23. Bxf6 Rxf6 24. Qc3 Qd8 25. Rad1 Qe7 26. Bd3 Be6 27. Rfe1 Rf4 28. Qe5 Qf6 29. Qxc5 Qxb2 30. Ng5 (30. Qe3 {is a better defense.} Qf6 31. Rf1) 30... Qd4 ({Less strong is} 30... Qxa2 31. Qe5 $17) 31. Qe7 {[#]} Qd8 (31... Qd7 $1 $19 {[%cal Rd7e7] and Black stays clearly on top.} 32. Qxd7 Bxd7) 32. Qxb7 $17 Qc8 33. Qe7 Rb8 $2 (33... Qd7 $17 {keeps the pressure on.} 34. Qc5 Bg4) 34. Qd6 $36 {[%mdl 3072] White has strong compensation. White is on the roll.} Rh4 35. Nf3 (35. Ne4 $14 Qd8 36. Qg3) 35... Rh5 $11 36. Ne5 (36. Be2 $11) 36... Rb2 {[#]} (36... Qd8 $1 $15 {keeps the upper hand.} 37. Qxd8 (37. Qxc6 $2 Rxe5 {[%mdl 64] Remove Defender} 38. Rxe5 Qxd3 $19 {[%mdl 64] Double Attack}) 37... Rxd8) 37. Be2 $1 $16 {[%cal Re2h5]} ({Stronger than} 37. Nxc6 Qd7 $17) 37... Rxe5 38. Qxe5 {[%mdl 64] Double Attack} Rxa2 39. Ra1 Rc2 40. Bd3 {White is better.} Rd2 41. Qc3 Rf2 42. Rxa5 Qd8 43. Be4 Qh4 {aiming for ...Qxe4!} 44. Bxc6 Rc2 45. Qe3 {Hoping for Bd5.} Qxc4 46. Bf3 {Accuracy: White = 40%, Black = 45%.} 1/2-1/2

[Event "CAT-ch Open-Women 2019"]
[Site "Platja de la Pineda"]
[Date "2019.04.20"]
[Round "5.3"]
[White "Bravo Barranco, Narciso"]
[Black "Jareno Badenas, Aleix"]
[Result "1/2-1/2"]
[WhiteElo "2252"]
[BlackElo "2055"]
[Annotator "ChessBase"]
[PlyCount "63"]
[EventDate "2019.04.18"]
[EventType "swiss"]
[EventCountry "ESP"]
[SourceTitle "playchess.com"]
[Source "ChessBase"]
[SourceQuality "1"]
[TimeControl "5400+30"]

1. e4 e6 2. d4 d5 3. Nd2 Nf6 4. e5 Nfd7 5. Bd3 c5 6. c3 Nc6 7. Ne2 cxd4 8. cxd4 f6 9. exf6 Nxf6 10. Nf3 Bd6 11. O-O O-O 12. Bd2 Qc7 13. Ng3 Bd7 14. Rc1 Qb6 15. Bc3 Nb4 16. Bb1 Bf4 17. Bd2 Bd6 18. a3 Nc6 19. Bc3 Na5 20. Ne5 Be8 21. b4 Nc4 22. Qb3 Bxe5 23. dxe5 Nh5 24. Qd1 Nxg3 25. hxg3 Nxa3 26. Bd4 Qa6 27. Rc7 Nxb1 28. Qxb1 Bc6 29. Rc1 Qe2 30. b5 Bxb5 31. Qb4 Bc6 32. Qb1 1/2-1/2